Score 0/24 Timer 04:00
0 Plays Today
Hint Answer % Correct
Verne Troyer
movies
Harry
95.3%
Verne Troyer
movies
Powers
95.1%
Miloš Forman
movies (director)
Nest
94.4%
Aretha Franklin
songs
Woman
93.7%
Burt Reynolds
movies
Nights
91.1%
Penny Marshall
TV shows
Moore
90%
Burt Reynolds
movies
Smokey
87.3%
Penny Marshall
TV shows
Days
87.3%
Aretha Franklin
songs
Little
87.1%
Verne Troyer
movies
Fear
84.5%
Penny Marshall
TV shows
Laverne
83.2%
Burt Reynolds
movies
Run
82.4%
Hint Answer % Correct
Steven Bochco
TV shows (creator & writer)
Howser
81.7%
Steven Bochco
TV shows (creator & writer)
Hill
80.7%
Stephen Hawking
books
Brief
79.6%
Miloš Forman
movies (director)
People
78.9%
Miloš Forman
movies (director)
Moon
76.9%
John Mahoney
movies
Line
73.3%
Steven Bochco
TV shows (creator & writer)
Law
70.5%
Stephen Hawking
books
Holes
68.2%
John Mahoney
movies
Fink
61.7%
Stephen Hawking
books
Giants
50.8%
John Mahoney
movies
Eight
50.7%
Aretha Franklin
songs
Chain
48.8%

Today's Daily Dose

Word Ladder
Athletics

Remove Ads.
Support Sporcle.
Get the best of Sporcle when you Go Orange. This ad-free experience offers more features, more stats, and more fun while also helping to support Sporcle. Thank you for becoming a member.

You're not logged in!

Compare scores with friends on all Sporcle quizzes.
OR
Log In

Show Comments

Extras

Top Quizzes Today


Score Distribution

Your Account Isn't Verified!

In order to create a playlist on Sporcle, you need to verify the email address you used during registration. Go to your Sporcle Settings to finish the process.

Report this User

Report this user for behavior that violates our Community Guidelines.

Details: